| 000 | 00374nam a2200145Ia 4500 | ||
|---|---|---|---|
| 008 | 221030s9999 xx 000 0 und d | ||
| 020 | _a9332549913 | ||
| 041 | _aEnglish | ||
| 100 | _aR. A. Gayakwad | ||
| 245 | 0 |
_aOp - Amps & Linear Integrated Circuits _cby R. A. Gayakwad |
|
| 260 |
_bPearson Edcuation _aNew Delhi _c2016 |
||
| 300 | _a543 | ||
| 650 | _aECE | ||
| 942 | _cBK | ||
| 999 |
_c16250 _d16250 |
||